La ideología dominante

Збережено в:
Бібліографічні деталі
Автор: Limoeiro Cardoso, Miriam
Формат: Текст
Опубліковано: México D.F.: Siglo XXI
Теги: Додати тег
Немає тегів, Будьте першим, хто поставить тег для цього запису!

MARC

LEADER 00000 a a2200000 04500
001 22543
003
040
090 |a 154100  
100 |a Limoeiro Cardoso, Miriam  
245 |a La ideología dominante  
260 |a México D.F.:   |b Siglo XXI  
300 |a 298 p.  
999 |c 13532  |d 13532